000 01249cam a22003497a 4500
003 CHAP
005 20220817042059.0
008 971013s1968 r 00010 d
010 _a33972
011 _a34944
035 _a39060
040 _cCHAP
090 _aFolleto 154
100 0 0 _aMéndez Nápoles, Oscar.
_976550
245 1 4 _aLos recursos humanos en el marco del desarrollo económico y social en el sector agrícola
260 _a(s.l.) :
_bReunión Nacional de Ciencia y Tecnología en la Reforma Agraria,
_c1968
300 _a32 h
490 0 _aDocumento C-T-Ref./Agr. IV-36
590 _aBATCH-UPD
_b10
_c20130110
_lUCH01
_h0129
590 _aBATCH-UPD
_b10
_c20130110
_lUCH01
_h1642
590 _aBATCH-UPD
_b10
_c20130410
_lUCH01
_h1033
590 _aBATCH-UPD
_b10
_c20130914
_lUCH01
_h1212
590 _aCONVERSION
_b10
_c20130109
_lUCH01
_h1319
650 1 4 _aAgricultura
_xTrabajadores.
_91840
650 1 4 _aMéxico
_xCondiciones económicas.
830 0 _aDocumento C-T-Ref./Agr. IV-36
_933205
901 _aBK
942 _cFOLL
949 _aFolleto 154
_bBC
_cFOLL
_d-89251
_eTS1
_i39060
_mD
_si
949 _aFolleto 154
_bBC
_cFOLL
_d-89252
_eTS2
_fc.2
_i39060
_mD
_si
949 _aFolleto 154
_bBC
_cFOLL
_d-89253
_eTS2
_fc.3
_i39060
_mD
_si
999 _c33972
_d33972